The complete Handbook of Business Meetings

Αποθηκεύτηκε σε:
Λεπτομέρειες βιβλιογραφικής εγγραφής
Κύριος συγγραφέας: Eli, Mina
Μορφή: Βιβλίο
Γλώσσα:English
Δημοσίευση: New York : Amacom American Management Association, 2000
Θέματα:
Ετικέτες: Προσθήκη ετικέτας
Δεν υπάρχουν, Καταχωρήστε ετικέτα πρώτοι!

MARC

LEADER 00000cam a2200000 i 4500
001 1/56886
008 011211s2000 eng d
020 |a 0-8144-0560-6 
035 |l 10000066 
040 |a GR-MY-UA  |b gre  |e aacr 
041 0 |a eng 
082 0 |a 658.456 
100 1 |a Eli, Mina. 
245 1 4 |a The complete Handbook of Business Meetings /  |c Eli Mina 
260 |a New York :   |b Amacom American Management Association,   |c 2000 
300 |a xi, 318p. 
504 |a Includes index 
650 0 0 |a Business meetings. 
852 |a INST  |b CHIOS  |e 20011211  |h 658.456 MIN  |p 005200020396  |q 005200020396  |t BK  |y 0 
852 |a INST  |b CHIOS  |e 20011211  |h 658.456 MIN  |p 005200020397  |q 005200020397  |t BK  |y 0 
852 |a INST  |b CHIOS  |e 20011211  |h 658.456 MIN  |p 005200020398  |q 005200020398  |t BK  |y 0 
852 |a INST  |b CHIOS  |e 20011211  |h 658.456 MIN  |p 005200020399  |q 005200020399  |t BK  |y 0 
901 |a BIBL2-2001-3 
909 |a Χ  |b 098623 
909 |a X  |b 098624 
909 |a X  |b 098625 
909 |a X  |b 098622 
970 |a ΝΤΟΥΜΗ  |b ΜΑΡΙΑ  |z 2001/12/11